000
00311nam a2200121Ia 4500
005
20251222155140.0
008
251222s9999||||xx |||||||||||||| ||spa||
082
_a
EDUM.116
100
_a
ALAIN ARCE
245
0
_a
Mapas conceptuales de acuerdo al nuevo enfoque constructivista
264
_b
Abedul
942
_c
LIB
999
_c
39157
_d
39157